| 000 | 00814nam a22002412 4500 | ||
|---|---|---|---|
| 001 | 0000020555 | ||
| 005 | 20151021151138.0 | ||
| 008 | 110922s xx 000 0 eng d | ||
| 020 | _a1841128078 : | ||
| 040 |
_aKABU _cKABU |
||
| 100 | 1 |
_aAbrams, Rhonda. _@0000180947 |
|
| 245 | 1 | 4 |
_aThe Successful business plan : _bsecrets & strategies / _cRhonda Abrams and Paul Barrow. |
| 250 | _aNew ed. | ||
| 260 |
_aChichester, UK. : _bCapstone, _c2008. |
||
| 300 | _axxxii, 443 p. | ||
| 650 | 0 |
_aBusiness planning. _@0000150583 |
|
| 650 | 0 |
_aNew business enterprises _xManagement. _@0000148135 |
|
| 650 | 0 |
_aNew business enterprises _xManagement. _@0000148135 |
|
| 700 | 1 |
_aBarrow, Paul. _@0000180948 |
|
| 852 | 1 | _9p3410 KES | |
| 908 | _a110922 | ||
| 950 | _@1 | ||
| 999 |
_c1194 _d1194 |
||